000 01072nam a2200205 i 4500
001 87902
003 ES-MaACL
005 20250901110114.0
007 t|
008 041228s1958 sp ||||1| spa d
100 1 _aLacour-Gayet, Jacques.
_969401
245 1 0 _aHistoria del comercio /
_cJacques Lacour-Gayet ; [traducción castellana de Jesús García Tolsá].
260 _aBarcelona :
_bVergara,
_c[1958] (
_fFidel Rodríguez)
300 _a3 v. :
_bil. ;
_c28 cm.
505 8 _aContiene: I. Jacques Lacour-Gayet: Introducción. André Journaux: La Geografía y el comercio. Pierre Benaerts: Los hombres... XVI + 618 pág. -- II. Marguerite Boulet: El comercio Medieval europeo. Henri Labouret: La permuta y el comercio en los archipiélagos del Pacífico y en Africa tropical... 733 pág. -- III. Jean Canu: El Nuevo Mundo y el oro español. Claude-Joseph Gignoux: Epoca mercantilista.- 966 pág
650 0 4 _aComercio-
_vHistoria
_911160
700 1 _aGarcía Tolsá, Jesús
_955332
852 _aES-MaACL
_jC-15651-3
_bR.42624
999 _c87902
_d87902